Регионална библиотека "Любен Каравелов" - Русе

Вампирите от Морганвил (Запис номер 138580)

MARC детайли
000 -Лидер
Контролно поле с фиксирана дължина 01882nam a2200385 c 4500
003 - Код на организацията, давaща контролен номер
Контролно поле BLK
005 - Дата и час на последна редакция
Контролно поле 20220601165231.0
008 - Елементи от данни с фиксирана дължина
fixed length control field 180409b bul|||||r ||||||| ||bul||
010 ## - Наследен системен номер
LC control number KNG00144574000
020 ## - Международен стандартен номер на книга ISBN
Международен стандартен номер на книга ISBN 978-954-9321-29-6
-- издат.: Ибис - на том (т. 1)
040 ## - Източник на каталожния запис
Идентификатор на билиотеката - собственик на записа BLK
041 ## - Код за език
Код за езика на текст/звукозапис или на отделно заглавие Български
Код за езика КДБФ Български
072 #7 - Код за тематичната категория
Код организация bullib
Код за тематична категория Н83
Текст Чужда художествена литература Н
080 ## - УДК
Текстов определител УДК Американска литература (на САЩ)
УДК код - определител по УДК 821.111(73)
УДК определител -312.9
УДК - код + определител 821.111(73)-312.9
100 1# - Редна дума - Автор
Автор Кейн, Рейчъл
Авторска отговорност първи автор
Автор - информация (биография) Конрад, Роксана Лонгстрийт
R(LIN) 303808
139 ## - Редно поле
Редна дума Кейн, Рейчъл
Авторски знак Ква - К 49
245 10 - Сведения за заглавието
Заглавие Вампирите от Морганвил
Подзаглавни данни Кн. 1 -
Редно поле (дума) Рейчъл Кейн; прев. от англ. Катя Живкова Радославова; * Роксан Лонгстрийт Конрад.
Том Кн. 1
Заглавие на том Стъклени къщи
257 ## - Страна на издаване
Страна на създаване/издаване Съединени американски щати
260 ## - Област на издателските данни
-- София
Година на издаване 2010 -
Печатница София : Симолини
300 ## - Физическа характеристика
Размери/Мащаб 20 см
380 ## - Жанр
Жанр Худож. лит.
500 ## - Общи забележки
Забележка Ориг. загл. The Morganville Vampires / Rachel Caine. - Рейчъл Кейн - псевд. на Роксан Лонгстрийт Конрад.
653 ## - Ключова дума – ненормативна
Ключова дума фентъзи
653 ## - Ключова дума – ненормативна
Ключова дума вампири
653 ## - Ключова дума – ненормативна
Ключова дума романи
659 ## - Тематичен бюлетин
Тематичен бюлетин Н
700 1# - Други автори (авторска отговорност)
Лично име Радославова, Катя Живкова
Автороска отговорност (Описва отношението между автора и произведението) прев. от англ.
9 (RLIN) 326390
700 1# - Други автори (авторска отговорност)
Лично име Конрад, Роксан Лонгстрийт
Автороска отговорност (Описва отношението между автора и произведението) *
9 (RLIN) 303809
760 1# - Описание на основната серия
-- - на том (т. 1)
Редна дума на основното описание Кейн, Рейчъл
Място на издаване, издател и година Ибис, 2010
Страници - том 274 с.
Забележка - том Ориг. загл. Glass Houses / Rachel Caine.
Заглавие Кн. 1 Стъклени къщи
852 ## - Местоположение
Форматна сигнатура Цб 256079
856 4# - Електронен адрес и достъп
Електронен формат pdf - файл
Път до файла /url/
856 4# - Електронен адрес и достъп
Електронен формат pdf - файл
Път до файла /url/
942 ## - АРТИКУЛИ
Вид на библиотечния материал Книги
Скрит в OPAC Не
Koha issues (borrowed), all copies 14
944 ## - СЪЗДАВАНЕ И РЕДАКЦИЯ на ЗАПИСА
Създаване/Редакция Създаване
Дата на регистрацията/редакция 02.07.2013
Статус, дата на статуса ф /
Служител, извършил регистрацията/редакцията Наталия_Медовщикова
944 ## - СЪЗДАВАНЕ И РЕДАКЦИЯ на ЗАПИСА
Създаване/Редакция Редакция
Дата на регистрацията/редакция 26.08.2015
Статус, дата на статуса ф /
Служител, извършил регистрацията/редакцията Людмила_Стоянова
999 ## - СИСТЕМНИ КОНТРОЛНИ НОМЕРА
Koha biblionumber 138580
Koha biblioitemnumber 138580
Наличности
Код за отписване Код за изгубен артикул Код за повреда Коз за рестрикции Код за отдаване Артикулен № Име на библиотеката - собственик Име на библиотеката, в която се намира в момента Статус (Текущо местоположение) Дата на вписване в системата Местоположение - отдел Цена в лева Инвентарен номер Систематично азбучна сигнатура Баркод Номер на екземпляра Цена в евро Служебна бележка Служебен тип на артикула Източник на класификационната схема
  Не е изгубен Не е повреден без рестрикции ползва се в читалня 226503 Регионална библиотека "Любен Каравелов" Русе Регионална библиотека "Любен Каравелов" Русе Хранилище 2013-07-05 Хранилище 11.90 120000767691 Цб 256079 120000767691 1 6.08 Дост: Dp Вид: Д N: 10 Дата: 05.03.2012 Книги  
  Не е изгубен Не е повреден без рестрикции заемане за дома 226504 Регионална библиотека "Любен Каравелов" Русе Регионална библиотека "Любен Каравелов" Русе Заемна - подръчен фонд 2015-08-25 Заемна - подръчен фонд 11.90 120000791334 821-31/К 49 Р 120000791334 2 6.08 Дост: DA Вид: А N: 16 Дата: 25.08.2015 Дата инв: 14.02.2018 Бележки инв: П2018 Книги Universal Decimal Classification
Vip Innovations Ltd, Rousse, Bulgaria 2025